| 000 | 00788nam a2200229 a 4500 | ||
|---|---|---|---|
| 001 | 000024839 | ||
| 005 | 20200930023412.0 | ||
| 008 | 110203s1998 sp r 000 | spa d | ||
| 020 | _a9684441983 | ||
| 040 |
_aDO-SdBNP _bspa _cBNPHU |
||
| 082 |
_a658.15 _bO16a, 1998 |
||
| 100 | 1 |
_aOchoa Setzer., Guadalupe A. _950982 |
|
| 245 | 1 | 0 |
_aAdministración financiera 1 / _cGuadalupe A. Ochoa Setzer; prólogo a la tercera edición Aníbal Rivera Marenco. |
| 250 | _a3a ed. | ||
| 260 |
_aMéxico, D F. : _bAddison Wesley Longman, _c1998. |
||
| 300 |
_a416 p. ; _c23 cm. |
||
| 590 | _aInventariado, 2019 /LP | ||
| 650 | 4 |
_aAdministración financiera _96342 |
|
| 650 | 4 |
_aEmpresa _xFinanzas _950983 |
|
| 650 | 4 |
_aGestión financiera _96564 |
|
| 700 | 1 |
_aRivera Marenco, Aníbal, _eprólogo _950984 |
|
| 999 |
_c24332 _d24332 |
||